MARC details
| 000 -CABECERA |
| campo de control de longitud fija |
01263nam a2200313 a 4500 |
| 001 - NÚMERO DE CONTROL |
| campo de control |
000004535 |
| 003 - IDENTIFICADOR DEL NÚMERO DE CONTROL |
| campo de control |
DO-SdBNP |
| 005 - FECHA Y HORA DE LA ÚLTIMA TRANSACCIÓN |
| campo de control |
20250626111940.0 |
| 007 - CAMPO FIJO DE DESCRIPCIÓN FÍSICA--INFORMACIÓN GENERAL |
| campo de control de longitud fija |
ta |
| 008 - DATOS DE LONGITUD FIJA--INFORMACIÓN GENERAL |
| campo de control de longitud fija |
090723s2008 dr 001 0 spa d |
| 020 ## - NÚMERO INTERNACIONAL ESTÁNDAR DEL LIBRO |
| Número Internacional Estándar del Libro |
9789945443202 |
| 040 ## - FUENTE DE LA CATALOGACIÓN |
| Centro catalogador/agencia de origen |
DO-SdBNP |
| Lengua de catalogación |
spa |
| Centro/agencia transcriptor |
BNPHU |
| 082 #4 - NÚMERO DE LA CLASIFICACIÓN DECIMAL DEWEY |
| Número de clasificación |
972.93053 |
| Número de documento/Ítem |
B796c, 2008 |
| Número de edición |
22 |
| 100 1# - ENTRADA PRINCIPAL--NOMBRE DE PERSONA |
| Nombre de persona |
Brache Batista, Anselmo, |
| Fechas asociadas al nombre |
1935 - |
| 9 (RLIN) |
7268 |
| 245 10 - MENCIÓN DE TÍTULO |
| Título |
Constanza, Maimón y Estero Hondo : |
| Resto del título |
testimonios e investigación sobre los acontecimientos / |
| Mención de responsabilidad, etc. |
Anselmo Brache Batista |
| 250 ## - MENCIÓN DE EDICIÓN |
| Mención de edición |
3a ed. ampliada y corr. |
| 260 ## - PUBLICACIÓN, DISTRIBUCIÓN, ETC. |
| Lugar de publicación, distribución, etc. |
Santo Domingo : |
| Nombre del editor, distribuidor, etc. |
Banco Central de la República Dominicana, |
| Fecha de publicación, distribución, etc. |
2008. |
| 300 ## - DESCRIPCIÓN FÍSICA |
| Extensión |
424 p. : |
| Otras características físicas |
il. ; mapa ; |
| Dimensiones |
27 cm. |
| 490 0# - MENCIÓN DE SERIE |
| Mención de serie |
Banco Central de la República Dominicana |
| Designación de volumen o secuencia |
103 |
| 490 0# - MENCIÓN DE SERIE |
| Mención de serie |
Ciencias sociales |
| Designación de volumen o secuencia |
19 |
| 500 ## - NOTA GENERAL |
| Nota general |
"Libro galardonado por la Fundación Héroes de Constanza, Maimón, Estero Hondo" |
| 504 ## - NOTA DE BIBLIOGRAFÍA, ETC. |
| Nota de bibliografía, etc. |
Incluye referencias bibliográficas y notas al pie de las páginas |
| 590 ## - NOTA LOCAL (RLIN) |
| Nota local |
Inventariado, 2022/BT |
| 650 #4 - PUNTO DE ACCESO ADICIONAL DE MATERIA--TÉRMINO DE MATERIA |
| Término de materia o nombre geográfico como elemento de entrada |
Guerrillas |
| Subdivisión geográfica |
República Dominicana |
| Subdivisión general |
Historia |
| 9 (RLIN) |
7270 |
| 651 #4 - PUNTO DE ACCESO ADICIONAL DE MATERIA--NOMBRE GEOGRÁFICO |
| Nombre geográfico |
República Dominicana |
| Subdivisión general |
Historia |
| Subdivisión cronológica |
Invasión , 1959 |
| 9 (RLIN) |
7269 |
| 651 #4 - PUNTO DE ACCESO ADICIONAL DE MATERIA--NOMBRE GEOGRÁFICO |
| Nombre geográfico |
República Dominicana |
| Subdivisión general |
Historiografía |
| 9 (RLIN) |
1457 |
| 910 ## - DATOS DE OPCIÓN DEL USUARIO (OCLC) |
| Datos de opción del usuario |
Validado. Control de calidad . MMOLINA |
| 942 ## - ELEMENTOS DE PUNTO DE ACCESO ADICIONAL (KOHA) |
| Fuente del sistema de clasificación o colocación |
Dewey Decimal Classification |
| Tipo de ítem Koha |
Libro |